000 00504nam a22001937a 4500
999 _c6788
_d6788
003 OSt
005 20210223145150.0
008 210223b ||||| |||| 00| 0 eng d
020 _a0750623535
040 _cDDC.
082 _a338.4GLO1994.
100 _aEdited by Theobald,William;
_913907
245 _aGlobaln Tourism.
_bThe next decade.
260 _aOxford,
_bButterworth-HEINEMANN,
_c1994.
300 _axix,406p;
504 _aincludes index.
650 _aTourism.
_97816
942 _2ddc
_cO_SHELF